LDS Prophets (Mormon) - Statistics

General Stats
  • This quiz has been taken 845 times
    711 since last reset
  • The average score is 12 of 17
Answer Stats
Hint Enter Names Here % Correct
1830-1844 Joseph Smith
100%
1847-1877 Brigham Young
94%
1901-1918 Joseph F. Smith
93%
1970-1972 Joseph Fielding Smith
90%
1945-1951 George Albert Smith
87%
2018- Russell M. Nelson
81%
2008-2018 Thomas S. Monson
80%
1995-2008 Gordon B. Hinckley
70%
1898-1901 Lorenzo Snow
68%
1985-1994 Ezra Taft Benson
65%
1889-1898 Wilford Woodruff
65%
1973-1985 Spencer W. Kimball
64%
1880-1887 John Taylor
63%
1951-1970 David O. McKay
61%
1994-1995 Howard W. Hunter
57%
1918-1945 Heber J. Grant
56%
1972-1973 Harold B. Lee
49%
No matching quizzes found
Score Distribution
Percent of People with Each Score
Percentile by Number Answered
Your Score History
You have not taken this quiz since the last reset